000 00530nam a2200121Ia 4500
008 220620s9999||||xx |||||||||||||| ||und||
100 _aNguyen, DucCanh||Han, Mooyoung
245 0 _aHydrological Design of Multipurpose Micro-catchment Rainwater Management
546 _aEnglish[eng]
650 _aScience||Environmental Science (see Also Chemistry||Environmental)||Science||Applied Sciences||Technology & Engineering||Mining
856 _uhttps://library.oapen.org/bitstream/20.500.12657/43806/1/external_content.pdf
942 _cEB
999 _c32378
_d32378